000 00459 a2200169 4500
020 _a9789583002960
020 _a9583002968
041 _aspa
100 _aRoman, Celso
245 _aLas cosas de la casa / Celso Roman ; ilustraciones de Henry Gonzalez.
260 _aBogota : Panamericana, 1997.
300 _a87 p. : il. ; .
_c21 cm
440 _aLiteratura juvenil.
500 _aTarget Audience: Pregrado
700 1 0 _aGonzalez, Henry.
942 _cBK
999 _c4196
_d4196